| 000 | 00552nab a2200145Ia 4500 | ||
|---|---|---|---|
| 003 | ES-SlBCS | ||
| 005 | 20210601130449.0 | ||
| 008 | 140529s1961 xxu||||| |||| 00| 0 fre d | ||
| 041 | _afre | ||
| 100 | 1 |
_aJobit, Pierre _9104013 |
|
| 245 | 0 | 0 |
_aAutoir de trois maîtres de la spiritualité dans l'Espagne du siècle d'or: Saint Thomas de Villeneuve, Saint Ignace de Loyola, le Bienheureux Jean d'Avila _c Pierre Jobit |
| 650 | 0 | 4 |
_aEspiritualidad _913671 |
| 773 | 0 |
_tGiornali di Metafisica _gvol. 16, nº. 1, 1961, págs. 106-113 _w0017-0372 |
|
| 942 | _cAR | ||
| 999 |
_c547101 _d547101 |
||